000 00780nas a2200265 4500
001 BR0000024
003 BR-BrBNA
005 20231205101621.0
007 ta
008 230509b bl.|||p| |||| 00| 00por d
040 _aBR-BrBNA
_bpor
_cBiblioteca Nacional de Agricultura
041 _a(Pt)
072 _aF62
100 1 _aGomide, C.A. de M.
100 1 _aGomide, J.A.
245 1 _aAnalise de crescimento de cultivares de Panicum maximum Jacq.
650 _aCapim Coloniao
650 _aVariedade
650 _aCrescimento
650 _aArea Foliar
650 _aRendimento
773 0 _tRevista Brasileira de Zootecnia (Brazil)
_xISSN 1516-3598
_g(Jul-Aug 1999), v. 28(4) p. 675-680
_wBR0000024
909 _a202311
_bLúcia
_c55
_dLúcia Elande
942 _2AGRIS
_n0
_cANA
999 _c162859
_d162859